000 00533cam a2200157 a 4500
020 _a0070213062 (alk. paper)
050 0 0 _aTA147
_b.E52 1997
245 0 0 _aEngineering fundamentals and problem solving /
_cArvid R. Eide ... [et al.].
250 _a3rd ed.
260 _aNew York :
_bMcGraw-Hill,
_cc1997.
300 _axiv, 517 p. :
700 1 _aEide, Arvid R.
856 4 2 _uhttp://www.loc.gov/catdir/enhancements/fy0602/96038615-d.html
856 4 1 _uhttp://www.loc.gov/catdir/enhancements/fy0602/96038615-t.html
942 _2lcc
_cGEN
999 _c8282
_d8282